| 000 | 00534nam a22001697a 4500 | ||
|---|---|---|---|
| 005 | 20251108164729.0 | ||
| 008 | 250721s1987 xx 000 0 ara d | ||
| 082 | 1 | 4 | _a808.02/هان |
| 100 | 1 | _aالعمد، هاني صبحي | |
| 245 | 1 | 0 |
_aمقومات مناهج التأليف العربي في مقدمات المؤلفين : _bالأدب / |
| 264 | 1 |
_aعمان : _bالجامعة الأردنية، _c1987. |
|
| 300 | _a199ص | ||
| 650 | 1 | 7 | _aالكتابة |
| 650 | 1 | 7 | _aالتأليف |
| 942 |
_2ddc _cBK |
||
| 999 |
_c12935 _d12935 |
||